000
00303nam a22001217a 4500
999
_c
7684
_d
7684
008
190301b ||||| |||| 00| 0 eng d
020
_a
9789993689348
082
_a
954.98 P577b 2015
100
_a
Phuntsho, Sonam.
245
_a
Bhutan : a complete guide
300
_a
278 p.
_b
ill.
_c
22 cm.
942
_2
ddc